| 000 | 00500nam a2200145Ia 4500 | ||
|---|---|---|---|
| 008 | 100204s9999 xx 000 0 und d | ||
| 082 | _b11915 | ||
| 100 | _aबापट भ. ग. | ||
| 245 | _aकार्ल मार्क्स | ||
| 260 |
_b"ग्रंथाली वाचक चळवळ , मुंबई - कुर्ला" _c1989 |
||
| 300 | _a242 | ||
| 630 | _aकार्ल मार्क्स | ||
| 730 | _aकार्ल मार्क्स | ||
| 942 | _cBOOK | ||
| 999 |
_c456327 _d456324 |
||